000 00595nam a2200181 a 4500
001 000042652
005 20201002040312.0
008 140204s1983 sp a 000 0 spa d
020 _a8485226240
040 _aDO-SdBNP
_bspa
_cBNPHU
082 _axxxxxxx
_bxxxxxxx
100 1 _aMadoz, Pascual
_969932
245 1 0 _aBarcelona. /
_cPascual Madoz ; prólogo Jaume Sobreques Callico.
260 _aMadrid, :
_bAbaco,
_c1983.
300 _a216 p. :
_bil. ;
_c28 cm.
504 _aIncluye referencias bibliográficas y notas al pie de las páginas
700 1 _aSobreques Callico, Jaume,
_epról.
_969933
999 _c42141
_d42141